| 000 | 00934nam a2200277 a 4500 | ||
|---|---|---|---|
| 001 | BRCA_8656 | ||
| 005 | 20190320210346.0 | ||
| 008 | 051016s1800----mx-a######---#000-0#spa-# | ||
| 041 | _aspa | ||
| 044 | _amx | ||
| 050 | 4 |
_aNE2459 .M46 _b.A53 _c184-? |
|
| 245 | 1 | 0 | _aAlbum pintoresco de la República Mexicana. |
| 260 |
_aMéxico _bEstamperia de Julio Michaud _c184-? |
||
| 300 |
_a1 vol. (sin paginación) _bil. _c34 cm |
||
| 500 | _aFondo antiguo | ||
| 500 | _aSe encuentra en Caja Fuerte | ||
| 500 | _aW-19/B-90/R-31 | ||
| 500 | _aIncluye 27 láminas con grabados a color | ||
| 500 | _aEstado físico: páginas manchadas | ||
| 500 | _aNota de encuadernación: tela, título en la tapa | ||
| 506 | 0 | _aFondo reservado: para su consulta es necesario credencial de usuario y carta de motivos | |
| 650 | 1 | 4 |
_aIndumentaria _zMéxico _9808 |
| 650 | 1 | 4 |
_aLitografía _eImpresión _zMéxico _91785 |
| 902 | _aLAR | ||
| 942 |
_2lcc _cB |
||
| 999 |
_c8315 _d8315 |
||